| 000 | 00500nam a2200169Ia 4500 | ||
|---|---|---|---|
| 003 | OSt | ||
| 005 | 20191231140820.0 | ||
| 008 | 190216s9999||||xx |||||||||||||| ||und|| | ||
| 040 | _coclc | ||
| 082 |
_a338.954 _bTAN/E |
||
| 100 |
_aTandon, B C _9614 |
||
| 245 | 0 |
_aEconomic Planning Theory And Practice / _cB C Tandon |
|
| 260 |
_bChaithanya Publishing House, _c1986. _a Allahabad: |
||
| 300 | _a542p | ||
| 650 | _aEconomics | ||
| 942 |
_cBK _2ddc _h338.954 _iTAN/E _k338.954 _mTAN/E |
||
| 999 |
_c9304 _d9304 |
||